Szczegóły MARC21

Organizacja i zarządzanie : ujęcie teoretyczne /

005 -DATA I CZAS OSTATNIEJ MODYFIKACJI [,]
    • @
    • pole kontrolne
    • 20070315155141.9
020 -Międzynarod. znormalizowany nr książki - ISBN [ , ]
    • a
    • Numer ISBN
    • 838763588X Find
040 -Instytucja sporządzająca opis [ , ]
    • a
    • Instytucja, która sporządziła opis (NP)
    • SZCZ U
    • c
    • Instytucja, która sporządziła rekord (NP)
    • SZCZ U
041 -Język dokumentu [0, ]
    • a
    • Język tekstu (P)
    • polski
    • h
    • Język tekstu oryginalnego i/lub pośredniego (P)
    • polski
942 -Rodzaj dokumentu [ , ]
    • c
    • Rodzaj dokumentu
    • Książka
100 -Hasło główne - nazwa osobowa [ , ]
    • a
    • Nazwa osobowa (NP)
    • SOKOŁOWSKA, STANISŁAWA
245 -Strefa tytułu i oznaczenia odpowiedzialności [1, ]
    • a
    • Tytuł
    • Organizacja i zarządzanie : Find
    • b
    • Ciąg dalszy tytułu (NP)
    • ujęcie teoretyczne / Find
    • c
    • Pozostałe elementy strefy tytułu i oznaczenia odpowiedzialności (NP)
    • Stanisława Sokołowska.
260 -Strefa adresu wydawniczego [ , ]
    • a
    • Miejsce wydania (P)
    • Opole :
    • b
    • Nazwa wydawcy (P)
    • Wydaw.UO,
    • c
    • Data wydania (P)
    • 2000.
300 -Strefa opisu fizycznego [ , ]
    • a
    • Określenie formy książki i/lub objętość (NP)
    • 199 :
    • c
    • Format (NP)
    • 24 cm.
490 -Strefa serii i książki wielotomowej - forma nie do wyszukiwania [0, ]
    • z
    • Numer rekordu powiązanego
    • 119252
    • a
    • Tytuł (P)
    • (STUDIA i Monografie / Wyższa Szkoła Pedagogiczna w Opolu ; Find
    • y
    • Zob. egzemplarze
    • 216
    • x
    • ISSN (NP)
    • 0239-6718)
    • v
    • Numeracja (P)
    • Nr 285,
490 -Strefa serii i książki wielotomowej - forma nie do wyszukiwania [0, ]
    • z
    • Numer rekordu powiązanego
    • 119252
    • a
    • Tytuł (P)
    • (STUDIA i Monografie / Uniwersytet Opolski ; Find
    • y
    • Zob. egzemplarze
    • 216
    • x
    • ISSN (NP)
    • 1233-6408)
    • v
    • Numeracja (P)
    • Nr 285,
500 -Uwaga ogólna [ , ]
    • a
    • Uwaga ogólna (NP)
    • Bibliogr
080 -Uniwersalna Klasyfikacja Dziesiętna [ , ]
    • a
    • Symbol klasyfikacji
    • 65.01
980 -Symbol UKD [ , ]
    • a
    • UKD
    • 65.01
920 -ISBN [ , ]
    • a
    • ISBN
    • 83-87635-88-X Find
Status udost. Numer tomu Numer inwentarzowy Sygnatura Powiązanie z serią Data inwentaryzacji Lokalizacja
-3Nr 285S.89386S.786912162002-03-19BE